[Event "Staufer op 12th"]
[Site "Schwaebisch Gmuend"]
[Date "2000.??.??"]
[Round "8"]
[White "Solomunovic, Igor"]
[Black "Baklan, Vladimir"]
[Result "1/2-1/2"]
[WhiteElo "2345"]
[BlackElo "2590"]
[PlyCount "92"]
[EventDate "2000.01.02"]
[Source "ChessBase"]
[SourceDate "2000.03.10"]

1. e4 c5 2. Nf3 Nc6 3. d4 cxd4 4. Nxd4 Nf6 5. Nc3 d6 6. Be2 e5 7. Nb3 Be7 8. O-O O-O 9. f4 a5 10. a4 Nb4 11. Kh1 b6 12. Bf3 Bb7 13. Rf2 Re8 14. Be3 d5 15. fxe5 Nxe4 16. Bxe4 dxe4 17. Qg4 Qc8 18. Qxc8 Raxc8 19. Bxb6 Bh4 20. Re2 Rxe5 21. Nxa5 Ba6 22. Rxe4 Rxe4 23. Nxe4 Rxc2 24. Nc5 Be2 25. Nab3 Rxb2 26. Nd4 Bc4 27. a5 h5 28. Na4 Ra2 29. Rxa2 Bxa2 30. Bc5 Na6 31. Bd6 Bf2 32. Nc5 Nb4 33. Ncb3 Na6 34. Nc5 Bc4 35. Nxa6 Bxa6 36. Nb3 Bc4 37. Nc5 h4 38. h3 f5 39. Nd7 Bb5 40. Nc5 Be1 41. Bc7 g5 42. Ne6 g4 43. hxg4 fxg4 44. g3 Bc4 45. Nd4 hxg3 46. Nf5 Bd5+ 1/2-1/2

[Event "Timisoara"]
[Site "Timisoara"]
[Date "1987.??.??"]
[Round "?"]
[White "Ghinda, Mihail-Viorel"]
[Black "Vera, Reynaldo G"]
[Result "1/2-1/2"]
[WhiteElo "2460"]
[BlackElo "2470"]
[PlyCount "66"]
[EventDate "1987.05.??"]
[Source "www.chesslib.no"]
[SourceDate "2004.05.04"]

1. e4 c5 2. Nf3 d6 3. d4 cxd4 4. Nxd4 Nf6 5. Nc3 Nc6 6. Be2 e5 7. Nb3 Be7 8. O-O O-O 9. Kh1 a5 10. a4 Nb4 11. f4 Bd7 12. Bf3 Bc6 13. Be3 d5 14. exd5 Nfxd5 15. Nxd5 Bxd5 16. fxe5 Bxf3 17. Qxf3 Nxc2 18. Rad1 Qe8 19. Bc5 Bxc5 20. Nxc5 Qe7 21. Nxb7 Qxe5 22. Rd7 Qe6 23. Qf5 Ne3 24. Qxe6 fxe6 25. Rxf8+ Rxf8 26. h4 Rf1+ 27. Kh2 Rf2 28. b3 Rxg2+ 29. Kh3 g5 30. hxg5 Rxg5 31. Nd8 Nf5 32. Nxe6 Rg3+ 33. Kh2 Rxb3 1/2-1/2

[Event "Vancouver"]
[Site "Vancouver"]
[Date "1971.??.??"]
[Round "?"]
[White "Browne, Walter S"]
[Black "Ree, Hans"]
[Result "1/2-1/2"]
[WhiteElo "2510"]
[BlackElo "2420"]
[PlyCount "59"]
[EventDate "1971.??.??"]
[Source "www.chesslib.no"]
[SourceDate "2004.05.04"]

1. e4 c5 2. Nf3 Nc6 3. d4 cxd4 4. Nxd4 Nf6 5. Nc3 d6 6. Be2 e5 7. Nb3 Be7 8. Bg5 Nxe4 9. Nxe4 Bxg5 10. Nxd6+ Ke7 11. Nxc8+ Rxc8 12. Bd3 Nb4 13. O-O Nxd3 14. cxd3 Re8 15. Qg4 Kf8 16. Qe4 Kg8 17. Qxb7 Qxd3 18. Qxa7 e4 19. Rad1 Qe2 20. Nd4 Qxb2 21. Nf5 Ra8 22. Qc7 Qxa2 23. Nxg7 Kxg7 24. Qg3 h6 25. h4 Ra3 26. f3 exf3 27. hxg5 Qxg2+ 28. Qxg2 fxg2 29. gxh6+ Kxh6 30. Rxf7 1/2-1/2

[Event "Cappelle la Grande FRA"]
[Site "Cappelle la Grande FRA"]
[Date "1994.??.??"]
[Round "?"]
[White "Pedzich, Dominik"]
[Black "Makarov, Marat"]
[Result "1/2-1/2"]
[WhiteElo "2400"]
[BlackElo "2525"]
[PlyCount "46"]
[EventDate "1994.??.??"]
[Source "www.chesslib.no"]
[SourceDate "2004.05.04"]

1. e4 c5 2. Nf3 Nc6 3. Nc3 d6 4. d4 cxd4 5. Nxd4 Nf6 6. Be2 e5 7. Nb3 Be7 8. O-O O-O 9. f4 a5 10. a4 Nb4 11. Kh1 Bd7 12. Bf3 Qc7 13. Be3 Bc6 14. Qe2 b6 15. Na2 Qb7 16. Bg1 Rfc8 17. Rae1 exf4 18. Nxb4 Ng4 19. Qa6 f5 20. Ra1 Rxa6 21. Bc5 Ne5 22. g4 g5 23. h4 Re8 1/2-1/2

[Event "ISR-ch"]
[Site "ISR"]
[Date "1984.??.??"]
[Round "?"]
[White "Kagan, Shimon"]
[Black "Greenfeld, Alon"]
[Result "0-1"]
[WhiteElo "2455"]
[BlackElo "2470"]
[PlyCount "77"]
[EventDate "1984.??.??"]
[Source "ChessBase"]

1. e4 c5 2. Nf3 d6 3. d4 cxd4 4. Nxd4 Nf6 5. Nc3 Nc6 6. Be2 e5 7. Nb3 Be7 8. Be3 Be6 9. Bf3 Na5 10. Nxa5 Qxa5 11. O-O h6 12. Qd2 O-O 13. Nd5 Qd8 14. c4 Bxd5 15. cxd5 Qd7 16. Rfc1 Rfc8 17. Qb4 Rxc1+ 18. Rxc1 Rc8 19. Rxc8+ Qxc8 20. h3 Qc7 21. g3 b6 22. Qa4 Qd7 23. Qc6 Qxh3 24. Qa8+ Bf8 25. Qxa7 h5 26. Bg5 Nxe4 27. Bxe4 Qg4 28. Bh7+ Kxh7 29. Qxf7 Qxg5 30. Qxf8 h4 31. Qxd6 hxg3 32. Qxb6 gxf2+ 33. Kxf2 Qd2+ 34. Kf1 Qxd5 35. Qe3 Qd1+ 36. Kf2 Qc2+ 37. Qe2 Qf5+ 38. Kg2 Qg5+ 39. Kh3 0-1

[Event "Aegina Open"]
[Site "Aegina"]
[Date "1996.??.??"]
[Round "9"]
[White "Kofidis, Andreas"]
[Black "Atalik, Suat"]
[Result "0-1"]
[WhiteElo "2380"]
[BlackElo "2535"]
[PlyCount "72"]
[EventDate "1996.??.??"]
[Source "www.chesslib.no"]
[SourceDate "2004.05.04"]

1. e4 c5 2. Nf3 d6 3. d4 cxd4 4. Nxd4 Nf6 5. Nc3 Nc6 6. Be2 e5 7. Nb3 Be7 8. f4 O-O 9. Be3 a5 10. a4 Nb4 11. O-O Be6 12. f5 Bd7 13. Bf3 Bc6 14. Qe2 d5 15. exd5 Nbxd5 16. Nxd5 Bxd5 17. Bxd5 Qxd5 18. Bg5 Rfe8 19. Rad1 Qc6 20. Qxe5 Qxc2 21. Qb5 Qxb2 22. Rfe1 h6 23. Bc1 Qc2 24. Be3 Bb4 25. Nd4 Qc7 26. Re2 Ng4 27. Bf4 Qxf4 28. Rxe8+ Kh7 29. Nf3 Rxe8 30. Qxe8 Bc5+ 31. Kf1 Ne3+ 32. Ke2 Nxd1 33. Qxf7 Qxa4 34. Qg6+ Kh8 35. f6 Bf8 36. Ng5 Qg4+ 0-1

[Event "RUS-Cup03 (Geller mem)"]
[Site "Moscow"]
[Date "1999.02.10"]
[Round "1"]
[White "Okrugin, Sergey"]
[Black "Sherbakov, Ruslan"]
[Result "0-1"]
[WhiteElo "2355"]
[BlackElo "2559"]
[PlyCount "124"]
[EventDate "1999.02.10"]
[Source "ChessBase"]
[SourceDate "1999.06.08"]

1. e4 c5 2. Nf3 Nc6 3. d4 cxd4 4. Nxd4 Nf6 5. Nc3 d6 6. Be2 e5 7. Nb3 Be7 8. O-O O-O 9. f4 a5 10. Be3 a4 11. Nd2 exf4 12. Rxf4 Nd7 13. Nd5 Bg5 14. Rf2 Nc5 15. Bf3 Ne5 16. Nf1 Be6 17. Qd4 Bh4 18. g3 Bxd5 19. Qxd5 Bf6 20. Rd1 Qe8 21. Bd4 Ra5 22. Qxd6 Nxf3+ 23. Rxf3 Nxe4 24. Qb4 Ng5 25. Rxf6 gxf6 26. Qxa5 Qe4 27. h4 Nf3+ 28. Kf2 Nxd4 29. Qh5 Qxc2+ 30. Rd2 Qe4 31. Ne3 Ne6 32. Qg4+ Qg6 33. h5 Qxg4 34. Nxg4 Kg7 35. Rd7 b5 36. Rb7 Nd4 37. Ke3 Rd8 38. Nf2 Nf5+ 39. Kf4 Rd5 40. g4 Nd6 41. Rd7 Rd4+ 42. Kf3 Kf8 43. h6 Ke8 44. Ra7 f5 45. g5 Nc4 46. Ra8+ Ke7 47. Rh8 Ne5+ 48. Ke3 Rb4 49. Rxh7 f4+ 50. Ke2 Rxb2+ 51. Kf1 f3 52. Kg1 b4 53. Rh8 b3 54. axb3 a3 55. Ra8 a2 56. Ra7+ Ke6 57. h7 Ng6 58. Nd3 Rg2+ 59. Kh1 Kf5 60. Ra5+ Kg4 61. Ne5+ Kg3 62. Nd3 Rd2 0-1

[Event "DDR Ch 20th"]
[Site "Strausberg"]
[Date "1971.??.??"]
[Round "12"]
[White "Espig, Lutz"]
[Black "Malich, Burkhard"]
[Result "1/2-1/2"]
[WhiteElo "2460"]
[BlackElo "2450"]
[PlyCount "45"]
[EventDate "1971.02.06"]
[Source "www.chesslib.no"]
[SourceDate "2004.05.04"]

1. e4 c5 2. Nf3 Nc6 3. d4 cxd4 4. Nxd4 Nf6 5. Nc3 d6 6. Be2 e5 7. Nb3 Be7 8. O-O O-O 9. Be3 a5 10. a4 Nb4 11. f4 Be6 12. fxe5 dxe5 13. Qc1 Qc7 14. Nd2 Bc5 15. Bxc5 Qxc5+ 16. Kh1 Rfd8 17. Ndb1 Bg4 18. Rxf6 Bxe2 19. Rf5 g6 20. Na3 Bg4 21. Rf1 Be6 22. Qg5 Nc6 23. Nab5 1/2-1/2

[Event "Smederevska Palanka"]
[Site "?"]
[Date "1978.??.??"]
[Round "1"]
[White "Janosevic Dragoljub"]
[Black "Padevsky Nikola"]
[Result "1-0"]
[WhiteElo "2455"]
[BlackElo "2455"]
[PlyCount "75"]
[EventDate "1978.??.??"]
[Source "www.chesslib.no"]
[SourceDate "2004.05.04"]

1. e4 c5 2. Nc3 Nc6 3. Nf3 d6 4. d4 cxd4 5. Nxd4 Nf6 6. Be2 e5 7. Nb3 Be7 8. O-O O-O 9. Be3 a5 10. f3 a4 11. Nc1 a3 12. Rb1 Be6 13. Nd5 Bxd5 14. exd5 Nb8 15. b4 Nbd7 16. c4 Qc7 17. Nb3 Rfc8 18. Na5 Nb8 19. Qd2 b6 20. Nb3 Nbd7 21. Rfd1 Ne8 22. Rbc1 Rd8 23. f4 Bf6 24. fxe5 Bxe5 25. Nd4 Bxd4 26. Bxd4 Nef6 27. Bf3 Rac8 28. Qe3 Qa7 29. Qf4 Qc7 30. Re1 Re8 31. Rxe8+ Rxe8 32. c5 bxc5 33. bxc5 Rc8 34. c6 Ne5 35. Qe3 Re8 36. Qxa3 Nxf3+ 37. Qxf3 Qa5 38. Bxf6 1-0

[Event "Zuerich Open"]
[Site "Zurich SUI"]
[Date "1991.??.??"]
[Round "6"]
[White "Nemet, Ivan"]
[Black "Wirthensohn, Heinz"]
[Result "1/2-1/2"]
[WhiteElo "2450"]
[BlackElo "2460"]
[PlyCount "86"]
[EventDate "1991.??.??"]
[Source "www.chesslib.no"]
[SourceDate "2004.05.04"]

1. e4 c5 2. Nf3 Nc6 3. d4 cxd4 4. Nxd4 Nf6 5. Nc3 d6 6. Be3 e5 7. Nb3 Be6 8. Be2 Be7 9. O-O O-O 10. Bf3 a5 11. Nd5 Bxd5 12. exd5 Nb4 13. c3 Na6 14. a4 Nd7 15. Be2 Nac5 16. Nxc5 Nxc5 17. b4 Nd7 18. Bb5 f5 19. f3 Bf6 20. Rb1 Qe7 21. c4 axb4 22. Bxd7 Qxd7 23. Rxb4 Rfc8 24. Qb3 h5 25. Rb1 h4 26. h3 Qe8 27. Qc2 e4 28. f4 Ra6 29. Qd1 Rca8 30. Bd4 Bxd4+ 31. Qxd4 Rxa4 32. Rxb7 Qg6 33. R7b3 Ra2 34. R1b2 Ra1+ 35. Kh2 R1a3 36. Qf2 Rxb3 37. Rxb3 Qf6 38. c5 dxc5 39. Qxc5 Rd8 40. Rb6 Qf7 41. Re6 Qb7 42. d6 Qb3 43. Qe5 Qg3+ 1/2-1/2

[Event "Aegina Open"]
[Site "Aegina"]
[Date "1994.??.??"]
[Round "7"]
[White "Pandavos, Panayotis"]
[Black "Atalik, Suat"]
[Result "1/2-1/2"]
[WhiteElo "2380"]
[BlackElo "2530"]
[PlyCount "66"]
[EventDate "1994.??.??"]
[Source "www.chesslib.no"]
[SourceDate "2004.05.04"]

1. e4 c5 2. Nf3 d6 3. d4 cxd4 4. Nxd4 Nf6 5. Nc3 Nc6 6. Be2 e5 7. Nb3 Be7 8. O-O O-O 9. f4 a5 10. Be3 a4 11. Nd2 a3 12. b3 Qa5 13. Nd5 Nxd5 14. exd5 Nb4 15. c4 Bf5 16. fxe5 Nc2 17. b4 Qxb4 18. Rb1 Qc3 19. Rb3 Qxe3+ 20. Rxe3 Nxe3 21. Qa1 Nxf1 22. Kxf1 Bg6 23. h4 h5 24. exd6 Bxd6 25. Qd4 Bb4 26. c5 Bxd2 27. Qxd2 Ra4 28. d6 Be4 29. Bb5 Raa8 30. Qe2 Bd5 31. Bc4 Bc6 32. Qxh5 Ra5 33. Kg1 b6 1/2-1/2

[Event "Gausdal"]
[Site "?"]
[Date "1976.08.??"]
[Round "2"]
[White "Hamann Svend (DEN)"]
[Black "Ermenkov Evgenij (BUL)"]
[Result "1/2-1/2"]
[WhiteElo "2475"]
[BlackElo "2435"]
[PlyCount "47"]
[EventDate "1976.??.??"]
[Source "www.chesslib.no"]
[SourceDate "2004.05.04"]

1. e4 c5 2. Nf3 Nc6 3. d4 cxd4 4. Nxd4 Nf6 5. Nc3 d6 6. Be2 e5 7. Nb3 Be7 8. O-O O-O 9. Be3 a5 10. a4 Nb4 11. Bf3 Be6 12. Bg5 Rc8 13. Re1 h6 14. Bh4 Qb6 15. Nd2 Rfd8 16. Bxf6 Bxf6 17. Nf1 d5 18. exd5 e4 19. Bxe4 Bxc3 20. bxc3 Nxd5 21. Qd4 Qc7 22. Bxd5 Bxd5 23. Qe5 Qxc3 24. Rad1 1/2-1/2

[Event "Itau Cup 6th"]
[Site "Sao Paulo"]
[Date "2002.09.30"]
[Round "4"]
[White "Caldeira, Adriano"]
[Black "Milos, Gilberto"]
[Result "0-1"]
[WhiteElo "2334"]
[BlackElo "2574"]
[PlyCount "62"]
[EventDate "2002.09.28"]
[Source "ChessBase"]
[SourceDate "2002.11.06"]

1. e4 c5 2. Nf3 Nc6 3. d4 cxd4 4. Nxd4 Nf6 5. Nc3 d6 6. Be2 e5 7. Nb3 Be7 8. O-O O-O 9. Be3 a5 10. a4 Nb4 11. Nd5 Nfxd5 12. exd5 Bf5 13. Rc1 Be4 14. f3 Bxd5 15. c3 Bg5 16. f4 exf4 17. Bxf4 Bxf4 18. Rxf4 Qg5 19. g3 Bxb3 20. Qxb3 Nd5 21. Rff1 h5 22. Qb5 Rae8 23. Bf3 Re5 24. Bxd5 Rxd5 25. Qxb7 h4 26. Rce1 hxg3 27. Re8 Rxe8 28. Qxf7+ Kh7 29. Qxe8 Re5 30. Qc6 Qe3+ 31. Kh1 Rh5 0-1

[Event "BIH-chT"]
[Site "Neum"]
[Date "2002.06.03"]
[Round "2.2"]
[White "Golubovic, Boris"]
[Black "Arapovic, Vitomir"]
[Result "1/2-1/2"]
[WhiteElo "2462"]
[BlackElo "2446"]
[PlyCount "30"]
[EventDate "2002.06.02"]
[Source "ChessBase"]
[SourceDate "2002.09.20"]

1. d4 c5 2. e4 cxd4 3. Nf3 Nc6 4. Nxd4 Nf6 5. Nc3 d6 6. Be2 e5 7. Nb3 Be6 8. Bg5 Be7 9. Qd2 O-O 10. Rd1 Rc8 11. O-O h6 12. Bxf6 Bxf6 13. Nb5 Qb6 14. Nxd6 Rcd8 15. Qe1 Nb4 1/2-1/2

[Event "It Open"]
[Site "Oslo NOR"]
[Date "1983.??.??"]
[Round "?"]
[White "Hansen, Curt"]
[Black "Schneider, Lars-Ake"]
[Result "0-1"]
[WhiteElo "2450"]
[BlackElo "2450"]
[PlyCount "58"]
[EventDate "1983.??.??"]
[Source "www.chesslib.no"]
[SourceDate "2004.05.04"]

1. e4 c5 2. Nf3 Nc6 3. d4 cxd4 4. Nxd4 Nf6 5. Nc3 d6 6. Be2 e5 7. Nb3 Be7 8. O-O O-O 9. f4 a5 10. Be3 a4 11. Nd2 a3 12. Rb1 axb2 13. Rxb2 d5 14. Nxd5 Nxd5 15. exd5 Qxd5 16. Rb5 Qxa2 17. Bc4 Qa3 18. Bd3 exf4 19. Rxf4 g6 20. Nb3 Qd6 21. Nc5 Qc7 22. Qb1 Bd6 23. Rh4 Qe7 24. Re4 Qf6 25. Qf1 Ra1 26. Rb1 Rxb1 27. Qxb1 Bf5 28. Qxb7 Rb8 29. Nd7 Bxd7 0-1

[Event "Ch Spain team"]
[Site "Cordoba ARG"]
[Date "1995.??.??"]
[Round "8"]
[White "Garcia Padron, Jose"]
[Black "Franco Ocampos, Zenon"]
[Result "0-1"]
[WhiteElo "2410"]
[BlackElo "2490"]
[PlyCount "56"]
[EventDate "1995.??.??"]
[Source "www.chesslib.no"]
[SourceDate "2004.05.04"]

1. e4 c5 2. Nf3 Nc6 3. d4 cxd4 4. Nxd4 Nf6 5. Nc3 d6 6. Be2 e5 7. Nb3 Be7 8. O-O O-O 9. f4 a5 10. a4 Nb4 11. Be3 Be6 12. Bf3 exf4 13. Bxf4 Nxc2 14. Qxc2 Qb6+ 15. Kh1 Qxb3 16. Qd2 Rfd8 17. Rfd1 Qb4 18. Qf2 Rac8 19. Be3 Bb3 20. Rd4 Rc4 21. Rxc4 Bxc4 22. Rd1 Nd7 23. Bd4 Nc5 24. Be2 Be6 25. Bb5 Bf6 26. h3 h6 27. Nd5 Bxd5 28. exd5 Rc8 0-1

[Event "It Open"]
[Site "Oslo NOR"]
[Date "1983.??.??"]
[Round "?"]
[White "Hansen, Curt"]
[Black "Bischoff, Klaus"]
[Result "0-1"]
[WhiteElo "2450"]
[BlackElo "2445"]
[PlyCount "78"]
[EventDate "1983.??.??"]
[Source "www.chesslib.no"]
[SourceDate "2004.05.04"]

1. e4 c5 2. Nf3 d6 3. d4 cxd4 4. Nxd4 Nf6 5. Nc3 Nc6 6. Be2 e5 7. Nb3 Be7 8. O-O O-O 9. Bg5 Nxe4 10. Nxe4 Bxg5 11. Qxd6 Be7 12. Qxd8 Rxd8 13. c3 b6 14. Rad1 Bb7 15. Ng3 g6 16. Rxd8+ Rxd8 17. Rd1 Rxd1+ 18. Bxd1 f5 19. Be2 Bg5 20. Nf1 Kf8 21. Ne3 Ke7 22. Kf1 Nd8 23. Bc4 Ne6 24. Bxe6 Kxe6 25. Nd2 Bf6 26. f3 Ba6+ 27. Kf2 Bh4+ 28. g3 Bg5 29. Nb3 Be7 30. Nd2 Bd3 31. Nb3 a5 32. Nc1 Ba6 33. a3 a4 34. Nc2 Bc5+ 35. Ke1 Bc4 36. Nb4 Bxb4 37. axb4 f4 38. Kd2 fxg3 39. hxg3 h5 0-1

[Event "Buenos Aires ol (Men)"]
[Site "Buenos Aires ARG"]
[Date "1978.??.??"]
[Round "10"]
[White "Donoso Velasco, Pedro H"]
[Black "Torre, Eugenio"]
[Result "0-1"]
[WhiteElo "2405"]
[BlackElo "2490"]
[PlyCount "82"]
[EventDate "1978.10.25"]
[Source "www.chesslib.no"]
[SourceDate "2004.05.04"]

1. e4 c5 2. Nf3 Nc6 3. d4 cxd4 4. Nxd4 Nf6 5. Nc3 d6 6. Be2 e5 7. Nb3 Be7 8. O-O O-O 9. Be3 Be6 10. Bf3 Bc4 11. Re1 a5 12. Nd5 Nxd5 13. exd5 Nb8 14. Nd2 Ba6 15. Be2 Bg5 16. Bxa6 Nxa6 17. Bxg5 Qxg5 18. Nc4 Qd8 19. Qd2 Nc5 20. a4 f5 21. f3 Qc7 22. b3 b6 23. Rad1 f4 24. Qe2 Nd7 25. Qf2 Rac8 26. Re2 Kh8 27. Na3 Nc5 28. Nb5 Qd7 29. Qh4 Rf6 30. Qe1 g5 31. h3 h5 32. Nc3 Rg6 33. Kf2 g4 34. hxg4 hxg4 35. Qd2 g3+ 36. Ke1 Rh6 37. Qc1 b5 38. axb5 Qa7 39. Qb2 a4 40. Nxa4 Nxa4 41. bxa4 Qa5+ 0-1

[Event "Asztalos Memorial"]
[Site "Baja"]
[Date "1971.??.??"]
[Round "8"]
[White "Tabor, Jozsef"]
[Black "Minev, Nikolay N"]
[Result "1/2-1/2"]
[WhiteElo "2440"]
[BlackElo "2450"]
[PlyCount "83"]
[EventDate "1971.05.??"]
[Source "www.chesslib.no"]
[SourceDate "2004.05.04"]

1. e4 c5 2. Nf3 Nc6 3. d4 cxd4 4. Nxd4 Nf6 5. Nc3 d6 6. Be2 e5 7. Nb3 Be7 8. O-O O-O 9. Bg5 Be6 10. Bxf6 Bxf6 11. Nd5 Bg5 12. Bg4 Qd7 13. Bxe6 fxe6 14. Qg4 Bh6 15. Rad1 Qf7 16. Nc3 Rad8 17. Rd3 Qe7 18. a3 a6 19. Rfd1 Rf4 20. Qe2 g6 21. Na2 Bf8 22. c3 Qf7 23. Nb4 Qc7 24. Nc2 Qb6 25. c4 Rc8 26. g3 Rf6 27. Ne3 a5 28. Ng4 Rf7 29. Rf3 Rcc7 30. Rxf7 Rxf7 31. Qe3 Qxe3 32. Nxe3 a4 33. Na1 Nd4 34. Nec2 Rc7 35. Ne3 Rc6 36. Kg2 Rb6 37. c5 dxc5 38. Nc4 Ra6 39. Nxe5 b5 40. Rd2 Bg7 41. Nd3 Rc6 42. e5 1/2-1/2

[Event "Bhilwara"]
[Site "New Delhi IND"]
[Date "1986.??.??"]
[Round "?"]
[White "Barua, Dibyendu"]
[Black "Makarichev, Sergey Y"]
[Result "1-0"]
[WhiteElo "2395"]
[BlackElo "2495"]
[PlyCount "61"]
[EventDate "1986.??.??"]
[Source "www.chesslib.no"]
[SourceDate "2004.05.04"]

1. e4 c5 2. Nf3 d6 3. d4 cxd4 4. Nxd4 Nf6 5. Nc3 Nc6 6. Be2 e5 7. Nb3 Be7 8. O-O O-O 9. f4 a5 10. a4 Nb4 11. Be3 Be6 12. f5 Bxb3 13. cxb3 d5 14. exd5 Nbxd5 15. Nxd5 Nxd5 16. Bf2 Nf4 17. Bc4 Qc8 18. Qf3 Qxf5 19. Qxb7 Bb4 20. Be3 Rab8 21. Qf3 g5 22. Kh1 Rbd8 23. Bxf4 exf4 24. Rad1 Bd2 25. Qe2 Be3 26. Rxd8 Rxd8 27. Qxe3 fxe3 28. Rxf5 Rd4 29. Rxg5+ Kf8 30. h3 f6 31. Rg4 1-0

[Event "Olot op"]
[Site "?"]
[Date "1996.??.??"]
[Round "?"]
[White "Wehmeier, S."]
[Black "Campos, J."]
[Result "1/2-1/2"]
[WhiteElo "2400"]
[BlackElo "2485"]
[PlyCount "54"]
[EventDate "1996.??.??"]
[Source "www.chesslib.no"]
[SourceDate "2004.05.04"]

1. e4 c5 2. Nf3 Nc6 3. d4 cxd4 4. Nxd4 Nf6 5. Nc3 d6 6. Be2 e5 7. Nb3 Be7 8. O-O O-O 9. Be3 a5 10. a4 Nb4 11. f4 Be6 12. Bf3 exf4 13. Bf2 Nd7 14. Ne2 Bg5 15. Ned4 Ne5 16. Nxe6 fxe6 17. Nd4 Qe7 18. Be2 Nbc6 19. Nb5 Rfd8 20. c3 Rd7 21. Qb3 Kh8 22. Rad1 Rg8 23. Qa3 Nf7 24. Bb6 Bh6 25. Nd4 Nfe5 26. Nb5 Nf7 27. Nd4 Nfe5 1/2-1/2

[Event "Naestved Open"]
[Site "Naestved DEN"]
[Date "1988.??.??"]
[Round "?"]
[White "Brinck-Claussen, Bjorn"]
[Black "Kosten, Anthony C"]
[Result "1-0"]
[WhiteElo "2375"]
[BlackElo "2510"]
[PlyCount "115"]
[EventDate "1988.07.??"]
[Source "www.chesslib.no"]
[SourceDate "2004.05.04"]

1. e4 c5 2. Nf3 Nc6 3. d4 cxd4 4. Nxd4 Nf6 5. Nc3 d6 6. Be2 e5 7. Nb3 Be7 8. O-O O-O 9. Be3 a5 10. a3 Be6 11. f4 a4 12. Nc1 exf4 13. Rxf4 Ne5 14. N1a2 Nfd7 15. Rf2 Nb6 16. Nb4 Nbc4 17. Bxc4 Nxc4 18. Bd4 Nxb2 19. Qb1 Nc4 20. Nbd5 Bh4 21. g3 Bg5 22. Qxb7 Qa5 23. h4 Bh6 24. Ne7+ Kh8 25. Nf5 Bxf5 26. Rxf5 Be3+ 27. Kh1 Bxd4 28. Rxa5 Nxa5 29. Qb4 Be5 30. Rb1 Nc6 31. Qc4 Rac8 32. Nb5 Bxg3 33. Qxa4 Be5 34. Rd1 Rfd8 35. Qa6 Nb8 36. Qb7 Rc6 37. Qxf7 Nd7 38. Nd4 Bxd4 39. Rxd4 Ne5 40. Qe7 Rb8 41. Rb4 Rg8 42. Rb3 h6 43. Rg3 Rc4 44. Qb7 Rxc2 45. a4 Ra2 46. Qb3 Re2 47. Qb4 Rf8 48. Qxd6 Rf1+ 49. Rg1 Rf4 50. Qe7 g5 51. Qxe5+ Kh7 52. Qc7+ Kh8 53. Rb1 Rxh4+ 54. Kg1 Rg4+ 55. Kf1 Rgxe4 56. Rb8+ Re8 57. Rxe8+ Rxe8 58. a5 1-0

[Event "Andorra op"]
[Site "Andorra"]
[Date "2001.07.04"]
[Round "5"]
[White "Wehmeier, Stefan"]
[Black "Degerman, Lars"]
[Result "1/2-1/2"]
[WhiteElo "2379"]
[BlackElo "2503"]
[PlyCount "124"]
[EventDate "2001.06.30"]
[Source "ChessBase"]
[SourceDate "2001.09.11"]

1. e4 c5 2. Nf3 Nc6 3. d4 cxd4 4. Nxd4 Nf6 5. Nc3 d6 6. Be2 e5 7. Nb3 Be7 8. O-O O-O 9. f4 a5 10. a4 Nb4 11. Kh1 Be6 12. Bf3 Rc8 13. Be3 d5 14. fxe5 Nxe4 15. Bd4 Nc5 16. Rf2 Nxb3 17. cxb3 Bc5 18. Bxc5 Rxc5 19. Qd4 b6 20. Rd1 Qg5 21. g3 Nc6 22. Qf4 Qxe5 23. Qxe5 Nxe5 24. Bxd5 Ng4 25. Re2 Rd8 26. Bxe6 Rxd1+ 27. Nxd1 fxe6 28. Nc3 Kf7 29. Kg2 Nf6 30. Kf3 Ke7 31. g4 h5 32. h3 hxg4+ 33. hxg4 Rg5 34. Rg2 Kd6 35. Kf4 Rc5 36. Rd2+ Ke7 37. Rh2 Rc8 38. g5 Nd7 39. Ne4 Rf8+ 40. Ke3 Ne5 41. Rc2 Ng4+ 42. Ke2 Rf4 43. Rc7+ Kd8 44. Rc4 Ne5 45. Rd4+ Ke7 46. Kd1 Rg4 47. Kc2 Nc6 48. Rc4 Nb4+ 49. Kd2 Rg2+ 50. Ke3 Nd5+ 51. Kd4 Rxb2 52. Rc6 Re2 53. Ke5 Kf7 54. Kd4 Re1 55. Rd6 Ke7 56. Rc6 Re2 57. Ke5 Kf7 58. Kd4 Re1 59. Rd6 Rf1 60. Rd7+ Kg6 61. Rd6 Kf7 62. Rd7+ Kg6 1/2-1/2

[Event "Open"]
[Site "Metz FRA"]
[Date "2007.04.18"]
[Round "5"]
[White "Zozulia, A."]
[Black "Sikula, V."]
[Result "0-1"]
[WhiteElo "2344"]
[BlackElo "2536"]
[PlyCount "62"]
[EventDate "2007.04.14"]
[Source "www.chesslib.no"]
[SourceDate "2004.05.04"]

1. e4 c5 2. Nf3 d6 3. d4 cxd4 4. Nxd4 Nf6 5. Nc3 Nc6 6. Be2 e5 7. Nb3 Be7 8. O-O O-O 9. f4 a5 10. a4 Nb4 11. Kh1 Qc7 12. Be3 Be6 13. Rc1 Rfc8 14. Bf3 Rd8 15. Nb5 Qc6 16. c3 Nd3 17. Qxd3 Bxb3 18. c4 Bxa4 19. Ra1 Bxb5 20. cxb5 Qd7 21. Bb6 Re8 22. fxe5 dxe5 23. Qxd7 Nxd7 24. Bxa5 Bc5 25. Bc3 Bd4 26. Rac1 Bxc3 27. Rxc3 Rec8 28. Rxc8+ Rxc8 29. Bg4 Rc7 30. Ra1 Nf8 31. Kg1 Rc4 0-1

[Event "FRA-ch"]
[Site "France"]
[Date "1996.??.??"]
[Round "11"]
[White "Chomet, Pascal"]
[Black "Touzane, Olivier"]
[Result "1-0"]
[WhiteElo "2385"]
[BlackElo "2495"]
[PlyCount "145"]
[EventDate "1996.??.??"]
[Source "ChessBase"]

1. e4 c5 2. Nf3 d6 3. d4 cxd4 4. Nxd4 Nf6 5. Nc3 Nc6 6. Be2 e5 7. Nb3 Be7 8. O-O O-O 9. Be3 Be6 10. Qd2 a5 11. a3 a4 12. Nc1 d5 13. exd5 Nxd5 14. Nxd5 Bxd5 15. Nd3 Qc7 16. Rfd1 Rfd8 17. Qc3 Rac8 18. Bg4 Ra8 19. Nb4 Ra5 20. Nxd5 Raxd5 21. Rxd5 Rxd5 22. Qc4 Qd8 23. Bb6 Qd6 24. Bf3 e4 25. Qxe4 Rb5 26. Rd1 Qe6 27. Qxe6 fxe6 28. Bxc6 bxc6 29. Bd4 Bf6 30. c4 Rb8 31. Bxf6 gxf6 32. Rd2 e5 33. Kf1 Kf7 34. Ke2 Ke6 35. Kd1 h5 36. Kc2 e4 37. c5 Ke5 38. Rd6 Rc8 39. g3 h4 40. b4 axb3+ 41. Kxb3 hxg3 42. hxg3 f5 43. a4 Rb8+ 44. Ka3 Ra8 45. Kb4 Rb8+ 46. Kc3 Ra8 47. Kb4 Rb8+ 48. Ka3 Rb1 49. Rd2 f4 50. gxf4+ Kxf4 51. a5 Kf3 52. a6 Rb8 53. Ka4 Rb1 54. Ra2 Rb8 55. a7 Ra8 56. Kb4 Kf4 57. Ra6 Kf3 58. Ra2 Kf4 59. Kc4 Ke5 60. Ra3 Kf4 61. Kd4 Rd8+ 62. Kc3 Ra8 63. Ra6 Ke5 64. Kc4 Kf4 65. Kb4 Kf3 66. Ka5 Kxf2 67. Kb6 e3 68. Kb7 e2 69. Ra2 Kf3 70. Ra1 Rd8 71. a8=Q Rd1 72. Qa3+ Kf2 73. Ra2 1-0

[Event "San Sebastian Open"]
[Site "San Sebastian ESP"]
[Date "1991.??.??"]
[Round "3"]
[White "Ayza Ballester, Jordi"]
[Black "Damljanovic, Branko"]
[Result "0-1"]
[WhiteElo "2320"]
[BlackElo "2560"]
[PlyCount "100"]
[EventDate "1991.03.??"]
[Source "www.chesslib.no"]
[SourceDate "2004.05.04"]

1. e4 c5 2. Nf3 Nc6 3. d4 cxd4 4. Nxd4 Nf6 5. Nc3 d6 6. Nb3 e5 7. Be2 Be7 8. O-O O-O 9. f4 a5 10. a4 Nb4 11. Be3 Be6 12. Bf3 exf4 13. Bxf4 Nxc2 14. Qxc2 Qb6+ 15. Kh1 Bxb3 16. Qd2 Rfe8 17. Be3 Qb4 18. Qf2 Nd7 19. Be2 Ne5 20. Nd5 Bxd5 21. exd5 Bf6 22. Bd4 Re7 23. Bc3 Qe4 24. Rad1 Qxa4 25. Rd4 Qc2 26. Rd2 Qg6 27. Qb6 Bg5 28. Rdd1 Rf8 29. Bxe5 Rxe5 30. Bd3 Qh6 31. Rf3 Bf4 32. h3 Re7 33. Qxa5 g6 34. Bf1 Be5 35. Qb4 Rc8 36. Qd2 Qh4 37. b3 Rec7 38. Bc4 Rc5 39. Qe1 Qxe1+ 40. Rxe1 b5 41. Bf1 Rxd5 42. Rd3 Rxd3 43. Bxd3 b4 44. Be4 f5 45. Bd5+ Kg7 46. Kg1 Rc2 47. Rd1 Kf6 48. Kf1 h5 49. h4 Bg3 50. Rd4 Ke5 0-1